| 000 | 00759nam a2200241Ia 4500 | ||
|---|---|---|---|
| 003 | OSt | ||
| 005 | 20220925212611.0 | ||
| 006 | a|||||r|||| 00| 0 | ||
| 007 | ta | ||
| 008 | 220923b |||||||| |||| 00| 0 eng d | ||
| 037 | _cGeneral Book | ||
| 040 |
_aRTL _cRTL _beng |
||
| 041 |
_2eng _aeng |
||
| 082 | _aV3,6:(Z.N72), L5 | ||
| 100 | _aRichards Peter G | ||
| 245 | 0 |
_aLocal government act, 1972 _b Problems of implementation |
|
| 260 |
_aLondon _bAllen and Unwin _c1975 |
||
| 300 |
_a207p _ccm. |
||
| 490 | _aNew Local Government Series. Ed by Peter G Richards; 13 | ||
| 650 |
_aConstitution Great Britain _9231188 |
||
| 942 |
_hV3,6:(Z.N72), L5 _cGB _2CC |
||
| 999 |
_c560772 _d560772 |
||